Management consultancy: principles and engagements / (Record no. 2210)

MARC details
000 -LEADER
fixed length control field 00670nam a2200217 4500
003 - CONTROL NUMBER IDENTIFIER
control field OSt
005 - DATE AND TIME OF LATEST TRANSACTION
control field 20240715081817.0
008 - FIXED-LENGTH DATA ELEMENTS--GENERAL INFORMATION
fixed length control field 240715b |||||||| |||| 00| 0 eng d
020 ## - INTERNATIONAL STANDARD BOOK NUMBER
International Standard Book Number 9710489633
040 ## - CATALOGING SOURCE
Original cataloging agency DWCL-Main lib.
Transcribing agency OC
082 ## - DEWEY DECIMAL CLASSIFICATION NUMBER
Edition number 2010 edition
Classification number Fil. 658.460 C117m 2010
006 - FIXED-LENGTH DATA ELEMENTS--ADDITIONAL MATERIAL CHARACTERISTICS
fixed length control field a
100 ## - MAIN ENTRY--PERSONAL NAME
Personal name Cabrera, Ma. Elenita Balatbat
245 ## - TITLE STATEMENT
Title Management consultancy: principles and engagements /
250 ## - EDITION STATEMENT
Edition statement 2010 edition
260 ## - PUBLICATION, DISTRIBUTION, ETC.
Place of publication, distribution, etc. Manila :
Name of publisher, distributor, etc. GIC Enterprises & Co., Inc.,
Date of publication, distribution, etc. c2010.
300 ## - PHYSICAL DESCRIPTION
Extent xx,
Other physical details 875 p. ;
Dimensions 23 cm.
504 ## - BIBLIOGRAPHY, ETC. NOTE
Bibliography, etc. note Includes bibliographical references.<br/>
650 ## - SUBJECT ADDED ENTRY--TOPICAL TERM
Topical term or geographic name entry element 1. Management.
942 ## - ADDED ENTRY ELEMENTS (KOHA)
Source of classification or shelving scheme Dewey Decimal Classification
Suppress in OPAC No
Koha item type Book-Filipiniana
Edition 2010 edition
Call number prefix Fil.
Holdings
Withdrawn status Lost status Source of classification or shelving scheme Damaged status Not for loan Home library Current library Shelving location Date acquired Source of acquisition Cost, normal purchase price Total Checkouts Full call number Barcode Date last seen Copy number Price effective from Koha item type Uniform Resource Identifier
    Dewey Decimal Classification     College Library College Library Filipiniana 03/20/2010 School Fund 725.00   Fil. 658.460 C117m 2010 47119 07/15/2024 c1 07/15/2024 Book-Filipiniana
    Dewey Decimal Classification     College Library College Library Filipiniana 03/20/2010 School Fund 725.00   Fil. 658.460 C117m 2010 47120 07/15/2024 c2 07/15/2024 Book-Filipiniana
    Dewey Decimal Classification     College Library College Library Filipiniana 03/20/2010 School Fund 725.00   Fil. 658.460 C117m 2010 47121 07/15/2024 c3 07/15/2024 Book-Filipiniana
    Dewey Decimal Classification     College Library College Library Filipiniana 11/09/2010 School Fund 725.00   Fil. 658.460 C117m 2010 47879 07/15/2024 c4 07/15/2024 Book-Filipiniana
    Dewey Decimal Classification     College Library College Library Filipiniana 11/09/2010 School Fund 725.00   Fil. 658.460 C117m 2010 47929 07/15/2024 c5 07/15/2024 Book-Filipiniana
    Dewey Decimal Classification     College Library College Library Filipiniana 11/09/2010 School Fund 725.00   Fil. 658.460 C117m 2010 47930 07/15/2024 c6 07/15/2024 Book-Filipiniana